000 00266nam a2200109Ia 4500
005 20251222143245.0
008 251222s9999||||xx |||||||||||||| ||spa||
082 _a332.673.14/P87G
245 0 _aInvestment Guide in Perú 2005
264 _bProinversión
942 _cLIB
999 _c14736
_d14736